| 000 | 00497nam a2200181Ia 4500 | ||
|---|---|---|---|
| 008 | 130318s9999 xx 000 0 und d | ||
| 020 | _a8120309278 | ||
| 082 | _a004.62 COM/I | ||
| 100 | _aComer, Douglas E | ||
| 245 | _aInternetworking with TCP/IP Vol II: Design, implementation and internals | ||
| 250 | _a2 | ||
| 260 |
_bPHI Learning _aNew Delhi _c2001 |
||
| 300 | _a612 | ||
| 650 | _aCOMMUNICATION PROTOCOL | ||
| 650 | _aCOMPUTER NETWORKS | ||
| 650 | _aTCP/IP | ||
| 700 | _aStevens, David L | ||
| 999 |
_c399 _d399 |
||